BIBLIOTECA PODER JUDICIAL
Portal Judicial TDF

Plataformas digitales para alquileres temporarios : (Registro nro. 6330)

000 -LEADER
fixed length control field 01521nab a22002537a 4500
003 - CONTROL NUMBER IDENTIFIER
control field OSt
005 - DATE AND TIME OF LATEST TRANSACTION
control field 20260130205220.0
008 - FIXED-LENGTH DATA ELEMENTS--GENERAL INFORMATION
fixed length control field 190603e xxum|||| |||| 00| 0 spa d
040 ## - CATALOGING SOURCE
Transcribing agency PJ
100 ## - MAIN ENTRY--PERSONAL NAME
9 (RLIN) 7000
Personal name Resqui Pizarro, Jorge C.
245 10 - TITLE STATEMENT
Title Plataformas digitales para alquileres temporarios :
Remainder of title el desafío del mercado inmobiliario de las locaciones /
Statement of responsibility, etc Jorge C. Resqui Pizarro.
260 ## - PUBLICATION, DISTRIBUTION, ETC. (IMPRINT)
Date of publication, distribution, etc Ciudad Autónoma de Buenos Aires :
Place of publication, distribution, etc Thomson Reuters La Ley,
Name of publisher, distributor, etc 2025.
300 ## - PHYSICAL DESCRIPTION
Extent p. 50-61
500 ## - GENERAL NOTE
General note Cita: TR LALEY AR/DOC/2279/2025 <br/>Publicado en: RCCyC 2025 (Octubre).
505 ## - FORMATTED CONTENTS NOTE
Formatted contents note Sumario: I. Introducción.— II. Derechos y obligaciones del huésped.— III. Derechos y obligaciones del anfitrión.— IV. Antecedente en la Ciudad Autónoma de Buenos Aires.— V. Lo que hicieron otros países con Airbnb y otras plataformas.— VI. No más Airbnb en la nueva Ley de Alquileres de Portugal.— VII. Contratos remotos, e-contracts y smart contracts en las plataformas digitales.— VIII. Firmas en el entorno digital: digital vs. electrónica.
505 ## - FORMATTED CONTENTS NOTE
Title ¿Te interesa el texto completo? Solicitalo al correo: koha@justierradelfuego.gov.ar
650 #0 - SUBJECT ADDED ENTRY--TOPICAL TERM
9 (RLIN) 1497
Topical term or geographic name as entry element CODIGO CIVIL Y COMERCIAL
650 #0 - SUBJECT ADDED ENTRY--TOPICAL TERM
9 (RLIN) 3463
Topical term or geographic name as entry element CONTRATOS
650 #0 - SUBJECT ADDED ENTRY--TOPICAL TERM
9 (RLIN) 3597
Topical term or geographic name as entry element LOCACIÓN DE INMUEBLES
650 #0 - SUBJECT ADDED ENTRY--TOPICAL TERM
9 (RLIN) 3963
Topical term or geographic name as entry element CONTRATO DE TURISMO
650 #0 - SUBJECT ADDED ENTRY--TOPICAL TERM
9 (RLIN) 5264
Topical term or geographic name as entry element TURISMO
773 0# - HOST ITEM ENTRY
Host Biblionumber 2713
Host Itemnumber 3170
Place, publisher, and date of publication Ciudad Autónoma de Buenos Aires : Thomson Reuters La Ley, 2015-
Title Revista Código Civil y Comercial. Nº 5 - Octubre 2025
942 ## - ADDED ENTRY ELEMENTS (KOHA)
Source of classification or shelving scheme
Koha item type Analítica Artículo de Revista

No hay ítems disponibles.

12 de Octubre 789 Ushuaia - Tel:  54(02901)441571
Horario de Atención: 8.00 a 17.00 hs. 
bibliotecaush@justierradelfuego.gov.ar
koha@justierradelfuego.gov.ar
Seguinos en nuestras redes @bibliojustdf 

Con tecnología Koha